| 000 | 00496nam a2200205 a 4500 | ||
|---|---|---|---|
| 001 | BRCA_6739 | ||
| 005 | 20190320205555.0 | ||
| 008 | 211011s1930----nyu#######---#000-1#eng-# | ||
| 041 | _aeng | ||
| 044 | _anyu | ||
| 050 | 4 |
_aPZ3 _b.G745 _c1930 |
|
| 100 | 1 |
_aGreig, Ian _916829 |
|
| 245 | 1 | 0 |
_aThe silver king mystery _cby Ian Greig |
| 260 |
_aNueva York _bH. Holt _c1930 |
||
| 300 |
_a279 p. _c19 cm. |
||
| 500 | _aI109 | ||
| 650 | 1 | 4 |
_aNovelas policĂacas _9877 |
| 902 | _aGFM | ||
| 942 |
_2lcc _cB |
||
| 999 |
_c6422 _d6422 |
||